Pokémon - Attacken von Tohaido in SD/LP - Statistiken

Allgemein
  • Dieses Quiz wurde 5 mal gespielt
  • Das Durchschnittsergebnis liegt bei 21 aus 54
Antwortstatistiken
Antwort % Korrekt
Biss
100%
Blizzard
100%
Erdbeben
100%
Knirscher
100%
Surfer
100%
Eisstrahl
80%
Hydropumpe
80%
Kaskade
80%
Stärke
80%
Eiszahn
60%
Felsgrab
60%
Gifthieb
60%
Giftzahn
60%
Regentanz
60%
Wasserdüse
60%
Angeberei
40%
Aquadurchstoß
40%
Aquawelle
40%
Fassade
40%
Finsteraura
40%
Folterknecht
40%
Gigastoß
40%
Hagelsturm
40%
Hyperstrahl
40%
Lake
40%
Risikotackle
40%
Schutzschild
40%
Siedewasser
40%
Silberblick
40%
Verhöhner
40%
Zertrümmerer
40%
Anziehung
20%
Bodycheck
20%
Brüller
20%
Delegator
20%
Doppelteam
20%
Erholung
20%
Fuchtler
20%
Grimasse
20%
Kreideschrei
20%
Lawine
20%
Nachthieb
20%
Raub
20%
Schlafrede
20%
Schlitzer
20%
Standpauke
20%
Abgangsbund
0%
Agilität
0%
Antik-Kraft
0%
Ausdauer
0%
Dampfwalze
0%
Energiefokus
0%
Gegenstoß
0%
Sternschauer
0%
Keine übereinstimmenden Quizze gefunden
Verteilung der Resultate
Anzahl Personen mit jedem Resultat
Perzentil nach korrekt beantworteten Fragen
Ihre Resultats-Entwicklung
Sie haben dieses Quiz noch nicht gespielt